00851nam a2200181 a 450000100100000000500170001000800410002704000250006808200160009311100960010924500800020526000710028530000280035670000340038495201140041895201200053299900170065200001609720200929164255.0100225s1968 dr 000 0 spa d aDO-SdBNPbspacBNPHU axxxxbS471n2 aSeminario de nutrición del niño y la familiad(1967 abr. 10-15 :cSanto Domingo)93608510aSeminario de nutrición del niño y la familia /cprólogo Rafael Sajon. aMontevideo, Uruguay :bInstituto Interamericano del Niño,c1968. a340 p. :bil. ;c24 cm.1 aSajon, Rafaelepról.929669 0010718PDaPDbPDcHDd2010-02-25iLF1l0oxxxx S471np16097-10r2020-06-25w2020-06-25yLFPDZNo se presta 0010718PDaPDbPDcCTd2011-04-19iLF1l0oxxxx S471np16097-20r2020-06-25te. 2w2020-06-25yLFPDZNo se presta c15638d15638